LEADER 01574nam0 2200325 i 450 001 SUN0065622 005 20151120101600.498 010 $a978-35-407-8378-7$d0.00 100 $a20080923d2008 |0engc50 ba 101 $aeng 102 $aDE 105 $a|||| ||||| 200 1 $aArithmetical investigations$erepresentation theory, orthogonal polynomials, and quantum interpolations$fShai M.J. Haran 205 $aBerlin : Springer$b2008 210 $aXII$d217 p. ; 24 cm 215 $aPubblicazione disponibile anche in formato elettronico. 461 1$1001SUN0102250$12001 $a*Lecture notes in mathematics$v1941$1210 $aBerlin [etc.]$cSpringer$d1964-$1215 $aDal 2011 i volumi sono disponibili in formato elettronico. 606 $a11-XX$xNumber theory [MSC 2020]$2MF$3SUNC019688 606 $a11S85$xOther nonanalytic theory [MSC 2020]$2MF$3SUNC025521 606 $a11S80$xOther analytic theory (analogues of beta and gamma functions, $p$-adic integration, etc.) [MSC 2020]$2MF$3SUNC029136 620 $dBerlin$3SUNL000066 700 1$aHaran$b, Shai M. J.$3SUNV052198$0724875 712 $aSpringer$3SUNV000178$4650 790 1$aHaran, S. M. J.$zHaran, Shai M. J.$3SUNV063051 801 $aIT$bSOL$c20200921$gRICA 856 4 $uhttp://link.springer.com/book/10.1007/978-3-540-78379-4 912 $aSUN0065622 950 $aUFFICIO DI BIBLIOTECA DEL DIPARTIMENTO DI MATEMATICA E FISICA$d08PREST 11-XX 1824 $e08 8296 I 20081201 996 $aArithmetical investigations$91416595 997 $aUNICAMPANIA LEADER 01099nam a2200301 i 4500 001 991000652869707536 005 20020507171813.0 008 950307s1973 uk ||| | eng 035 $ab10738423-39ule_inst 035 $aLE01300210$9ExL 040 $aDip.to Matematica$beng 082 0 $a512.8 084 $aAMS 00A11 (1985) 084 $aAMS 00B 084 $aAMS 13-06 110 2 $aIstituto nazionale di alta matematica $0534534 245 10$aAlgebra commutativa :$b22-25 novembre 1971 /$cIstituto Nazionale di Alta Matematica 260 $aLondon ; New York :$bAcademic press,$c1973 300 $a456 p. ;$c25 cm. 490 0 $aSymposia mathematica ;$v11 500 $aConvegni del Novembre 1971 e del Maggio 1972 650 4$aCommutative algebra 907 $a.b10738423$b23-02-17$c28-06-02 912 $a991000652869707536 945 $aLE013 00B IND11 V.XI (1973)$cV. 11$g1$i2013000024684$lle013$o-$pE0.00$q-$rl$s- $t0$u0$v0$w0$x0$y.i10828953$z28-06-02 996 $aAlgebra commutativa$9911047 997 $aUNISALENTO 998 $ale013$b01-01-95$cm$da $e-$feng$guk $h0$i1